00926nam a2200217 a 450000100100000000500170001000800410002704000130006808200170008124500400009825000130013826000890015130000110024050000420025165000250029304900090031895201290032795201150045695201200057199900170069100001410620240410184606.0091204s1988 dr a 000 0 spa d aDO-SdBNP a617.6bN851n00aNormas nacionales de odontología. a3ra. ed. aSanto Domingo :bSecretaría de Estado de Salud Publica y Asistencia social,c1988. a127 p. aIncluye notas al pie de las páginas 0aODONTOLOGÍA920035 aBNPD 001054708DSaGRbGRcCTd2009-12-04iLF1l0o617.6 N851np14106-30r2020-06-25te.3w2020-06-25yLFDSZPréstamo en sala 0010718PDaPDbPDcCTd2009-12-04iLF1l0o617.6 N851np14106-10r2020-06-25w2020-06-25yLFPDZNo se presta 0010718PDaPDbPDcCTd2009-12-04iLF1l0o617.6 N851np14106-20r2020-06-25te.2w2020-06-25yLFPDZNo se presta c13708d13708